000 aam a22 a 4500
999 _c324184
_d324184
003 BLK
005 20220225141657.0
008 180918b bul||||| |||| 00| 0 bul d
020 _a978-954-8483-21-6
040 _aBLK
041 _aBUL
_cBUL
080 _aБългарска литература
_b821.163.2
_z821.163.2-1
100 _aКоларова-Шиндлер, Румена
_eпърви автор
_91299
139 _aКоларова-Шиндлер, Румена
_bК 77
245 _aПо косите пепел
_bЛирични миниатюри
_cРумена Коларова-Шиндлер
260 _bПарнас
_cб.г.
_aРусе
300 _a56 с.
_c18 см
380 _aX
700 _9349070
_aМонев, Пламен Игнатов
_eхудож.
852 _bП
_cП 886.7-1/ К 77
852 _bП
_cК 821.163.2/К 74 И
942 _cKNG
_2udc
_n0
_s1
999 _d324184
999 _d324184
999 _d324184